[Event "HUN-chT2 Toth 1617"]
[Site "Hungary"]
[Date "2016.12.11"]
[Round "6.11"]
[White "Kiss, Peter1111"]
[Black "Inges, Zeno"]
[Result "0-1"]
[WhiteElo "1541"]
[BlackElo "1731"]
[PlyCount "159"]
[EventDate "2016.09.25"]
[EventType "team-tourn"]
[EventRounds "11"]
[EventCountry "HUN"]
[SourceTitle "EXT 2021"]
[Source "ChessBase"]
[SourceDate "2020.10.23"]
[SourceVersion "1"]
[SourceVersionDate "2020.10.23"]
[SourceQuality "1"]
[WhiteTeam "Nadudvar"]
[BlackTeam "Ujszasz"]
[WhiteTeamCountry "HUN"]
[BlackTeamCountry "HUN"]

1. e4 c6 2. d4 d5 3. e5 Bf5 4. Nf3 e6 5. g3 h6 6. Bg2 Nd7 7. 0-0 c5 8. c3 c4 9. b3 Qc7 10. Na3 Qa5 11. b4 Qa6 12. Nc2 b5 13. Ne3 Bd3 14. Re1 Nb6 15. Bf1 Be4 16. Nd2 Bg6 17. Qg4 Na4 18. Nd1 h5 19. Qf4 Ne7 20. Bh3 Bd3 21. Nf3 Ng6 22. Qe3 Be7 23. Bf1 Bf5 24. h3 Nf8 25. Ng5 Nh7 26. Nxh7 Rxh7 27. f4 Kd7 28. h4 f6 29. Kh2 fxe5 30. Qxe5 Bf6 31. Qe3 Rhh8 32. Bh3 g6 33. Nf2 Qb6 34. Bd2 Rae8 35. Qf3 Qd6 36. a3 Ref8 37. Re2 Bd8 38. Rae1 Re8 39. Re5 Bf6 40. R5e2 Re7 41. Kg2 Rhh7 42. Kh2 Rhf7 43. Re3 Nb2 44. Bxf5 exf5 45. Rxe7+ Rxe7 46. Rxe7+ Bxe7 47. Qe3 Bf6 48. Bc1 Na4 49. Nh3 Qe6 50. Qxe6+ Kxe6 51. Bd2 Nb2 52. Nf2 Be7 53. Bc1 Na4 54. Nd1 Nb6 55. Kg2 Nd7 56. Nf2 Nf6 57. Kf3 Ne4 58. Nxe4 fxe4+ 59. Kg2 Kf5 60. Be3 Kg4 61. Bd2 Bd8 62. Be3 a5 63. Bd2 Kf5 64. Be3 Bb6 65. Kf2 axb4 66. axb4 Kg4 67. Kg2 Bd8 68. Bd2 Bxh4 69. gxh4 Kxh4 70. Be1+ Kg4 71. Bg3 h4 72. Bh2 e3 73. Kg1 Kf3 74. Kf1 e2+ 75. Ke1 Ke3 76. Bg1+ Kd3 77. Bf2 h3 78. Bg3 Kxc3 79. Kxe2 Kxd4 80. Kd2 0-1

[Event "HUN-chT2 Toth 1516"]
[Site "Hungary"]
[Date "2016.03.20"]
[Round "9.10"]
[White "Perdi, Zsombor"]
[Black "Inges, Zeno"]
[Result "1-0"]
[WhiteElo "1745"]
[BlackElo "1854"]
[PlyCount "51"]
[EventDate "2015.09.13"]
[EventType "team-tourn"]
[EventRounds "11"]
[EventCountry "HUN"]
[SourceTitle "EXT 2017"]
[Source "ChessBase"]
[SourceDate "2016.10.25"]
[SourceVersion "1"]
[SourceVersionDate "2016.10.25"]
[SourceQuality "1"]
[WhiteTeam "Bekes"]
[BlackTeam "Ujszasz"]
[WhiteTeamCountry "HUN"]
[BlackTeamCountry "HUN"]

1. d4 d5 2. c4 e6 3. Bf4 Nf6 4. e3 c6 5. Nf3 Bd6 6. Bxd6 Qxd6 7. Qb3 0-0 8. Bd3 Re8 9. 0-0 Nbd7 10. Nc3 e5 11. dxe5 Nxe5 12. Nxe5 Rxe5 13. cxd5 Nxd5 14. Bc4 Rh5 15. g3 Qh6 16. h4 Be6 17. Qxb7 Rc8 18. Nxd5 cxd5 19. Be2 Re5 20. Rac1 Rxc1 21. Rxc1 f6 22. Qb8+ Kf7 23. Rc7+ Kg6 24. Qe8+ Kf5 25. g4+ Ke4 26. Qa4+ 1-0

[Event "HUN-chT2 Toth 1516"]
[Site "Hungary"]
[Date "2015.09.13"]
[Round "1.9"]
[White "Inges, Zeno"]
[Black "Banyai, Istvan"]
[Result "0-1"]
[WhiteElo "1854"]
[BlackElo "2004"]
[PlyCount "102"]
[EventDate "2015.09.13"]
[EventType "team-tourn"]
[EventRounds "11"]
[EventCountry "HUN"]
[SourceTitle "CBM 170 Extra"]
[Source "ChessBase"]
[SourceDate "2016.02.25"]
[SourceVersion "1"]
[SourceVersionDate "2016.02.25"]
[SourceQuality "1"]
[WhiteTeam "Ujszasz"]
[BlackTeam "Gyula"]
[WhiteTeamCountry "HUN"]
[BlackTeamCountry "HUN"]

1. e4 e6 2. e5 d5 3. exd6 cxd6 4. d4 Nf6 5. Nf3 Be7 6. Bd3 Nc6 7. 0-0 Qb6 8. c3 Bd7 9. Qe2 h6 10. Nbd2 Rc8 11. Re1 0-0 12. Ne4 Nxe4 13. Qxe4 f5 14. Qe2 Bf6 15. Bc4 Rfe8 16. Be3 Qc7 17. Bb3 Na5 18. Qd1 b5 19. a3 Nc4 20. Bxc4 bxc4 21. Re2 Bc6 22. Nd2 Bd5 23. Nf1 Qc6 24. f3 Rb8 25. Ng3 g5 26. f4 g4 27. h3 gxh3 28. Rd2 Qd7 29. gxh3 Qg7 30. Kh2 Kh7 31. Nh5 Qf7 32. Nxf6+ Qxf6 33. Qh5 Rg8 34. Rg1 Rxg1 35. Kxg1 Qg7+ 36. Kf1 Rg8 37. b4 Qg3 38. Ke2 Be4 39. Bf2 Qxf4 40. Qf7+ Rg7 41. Qxe6 Qf3+ 42. Ke1 Bd3 43. Rd1 Qb7 44. Rxd3 Re7 45. Qxe7+ Qxe7+ 46. Re3 Qb7 47. Re2 Qh1+ 48. Kd2 Qb1 49. Re7+ Kg8 50. Rb7 Qd3+ 51. Ke1 Qe4+ 0-1

[Event "HUN-chT2 Toth 1314"]
[Site "Hungary"]
[Date "2013.09.08"]
[Round "1.12"]
[White "Inges, Zeno"]
[Black "Rescsik, Dora"]
[Result "1-0"]
[WhiteElo "1691"]
[BlackElo "1293"]
[PlyCount "71"]
[EventDate "2013.09.08"]
[EventType "team-tourn"]
[EventRounds "11"]
[EventCountry "HUN"]
[SourceTitle "EXT 2016"]
[Source "ChessBase"]
[SourceDate "2015.10.08"]
[SourceVersion "1"]
[SourceVersionDate "2015.10.08"]
[SourceQuality "1"]
[WhiteTeam "Ujszasz"]
[BlackTeam "Roszke"]
[WhiteTeamCountry "HUN"]
[BlackTeamCountry "HUN"]

1. e4 e6 2. e5 Nc6 3. Nf3 f6 4. d4 d5 5. c3 Nge7 6. exf6 gxf6 7. Nh4 Ng6 8. Qh5 Nce7 9. Bd3 f5 10. Bg5 Kd7 11. Nxg6 Qe8 12. Ne5+ Kd8 13. Qxe8+ Kxe8 14. Be2 Rg8 15. Bh5+ Ng6 16. Nd2 Bd6 17. Ndf3 Bxe5 18. Nxe5 Kf8 19. Bxg6 hxg6 20. Rc1 c6 21. c4 Kg7 22. Rc3 Rh8 23. Rg3 dxc4 24. Nxc4 Bd7 25. Bf4 Rh4 26. Be5+ Kh7 27. f4 Rg8 28. Rg5 Rh5 29. h4 b5 30. Nd6 a5 31. Nb7 a4 32. Nc5 Bc8 33. Kf2 Rf8 34. g3 Rf7 35. Rc1 Kh6 36. Nd3 1-0

[Event "HUN-chT2 Erkel 1011"]
[Site "Hungary"]
[Date "2011.04.10"]
[Round "8.12"]
[White "Inges, Zeno"]
[Black "Gorcsi, Gabor"]
[Result "0-1"]
[WhiteElo "1627"]
[BlackElo "1731"]
[PlyCount "60"]
[EventDate "2010.09.12"]
[EventType "team-tourn"]
[EventRounds "11"]
[EventCountry "HUN"]
[SourceTitle "EXT 2012"]
[Source "ChessBase"]
[SourceDate "2011.11.24"]
[SourceVersion "1"]
[SourceVersionDate "2011.11.24"]
[SourceQuality "1"]
[WhiteTeam "Jaszbereny"]
[BlackTeam "Paszto"]
[WhiteTeamCountry "HUN"]
[BlackTeamCountry "HUN"]

1. d4 Nf6 2. Nf3 g6 3. c4 Bg7 4. Nc3 0-0 5. e4 d6 6. Be3 e5 7. d5 a5 8. Be2 Na6 9. a3 h6 10. 0-0 Bd7 11. Rc1 Qe7 12. Qd2 Ng4 13. h3 Nxe3 14. Qxe3 Kh7 15. Rc2 f5 16. Bd3 f4 17. Qd2 g5 18. Rfc1 h5 19. Nh2 g4 20. hxg4 hxg4 21. f3 g3 22. Nf1 Qh4 23. Nxg3 fxg3 24. Qd1 Bg4 25. Kf1 Qh1+ 26. Ke2 Qxg2+ 27. Ke1 Qg1+ 28. Bf1 Rxf3 29. Qe2 Re3 30. Qxe3 Qxe3+ 0-1

[Event "HUN-chT2 Erkel 1011"]
[Site "Hungary"]
[Date "2010.10.24"]
[Round "4.12"]
[White "Inges, Zeno"]
[Black "Karpati, Gabor"]
[Result "0-1"]
[WhiteElo "1627"]
[BlackElo "1821"]
[PlyCount "103"]
[EventDate "2010.09.12"]
[EventType "team-tourn"]
[EventRounds "11"]
[EventCountry "HUN"]
[SourceTitle "EXT 2012"]
[Source "ChessBase"]
[SourceDate "2011.11.24"]
[SourceVersion "1"]
[SourceVersionDate "2011.11.24"]
[SourceQuality "1"]
[WhiteTeam "Jaszbereny"]
[BlackTeam "Foti"]
[WhiteTeamCountry "HUN"]
[BlackTeamCountry "HUN"]

1. d4 e6 2. c4 d5 3. Nc3 Nf6 4. e3 c6 5. Nf3 Bd6 6. Be2 Nbd7 7. 0-0 0-0 8. Qc2 dxc4 9. Bxc4 c5 10. Rd1 Qe7 11. Nb5 Bb8 12. b3 a6 13. Nc3 b5 14. Be2 Bb7 15. Bb2 cxd4 16. Nxd4 Be5 17. Nf3 Rac8 18. Qd2 Rfd8 19. Qe1 Bd6 20. a3 e5 21. Qd2 Nf8 22. Qe1 Ng6 23. Nd2 e4 24. a4 Be5 25. Ba3 b4 26. Nc4 Bxc3 27. Qxc3 bxa3 28. Rxd8+ Rxd8 29. Nxa3 Rc8 30. Nc4 Qc7 31. Qb4 Rd8 32. Na5 Bc8 33. Nc4 Nd5 34. Qa3 Qb8 35. Rd1 Bb7 36. Na5 Nc3 37. Rxd8+ Qxd8 38. Qb2 Nxe2+ 39. Qxe2 Qxa5 40. h3 Qc3 41. Qd1 Qd3 42. Qg4 Qxb3 43. Qd7 h6 44. f3 Nf8 45. Qc7 Bd5 46. Qa5 Bc4 47. Qe5 Bd3 48. a5 Qb1+ 49. Kh2 Be2 50. f4 Bf3 51. Kg3 g5 52. h4 0-1